The Mac made easy

Bibliographic Details
Main Author: Matthews, Martin
Format: Book
Published: Berkeley : Osborne McGraw-Hill , 1992
Subjects:

MARC

LEADER 00000cam a2200000 7i4500
001 0000003029
002 000003279
005 20000330.0
020 |a 0078817730 
090 0 0 |a 005.4469   |b MAT 
100 1 |a Matthews, Martin 
245 1 4 |a The Mac made easy   |c Martin S.Matthews 
260 |a Berkeley :   |b Osborne McGraw-Hill ,   |c 1992 
300 |a 328 p. ;   |c 23 cm. 
650 0 0 |a Mocintosh (Computer) 
650 0 0 |a Operating system (Computers) 
999 |a 035778   |b BUKU   |c PINJAMAN   |e PERPUSTAKAAN KOMUNITI PETALING JAYA 
999 |a 035779   |b BUKU   |c PINJAMAN   |e PERPUSTAKAAN KOMUNITI PETALING JAYA